Space, social theory and peripheral imagination: brazilian intellectual history and de-colonial debates /

Se hace referencia al giro espacial desde una perspectiva basada en la historia intelectual brasileña, con el fin de discutir que el caso brasileño presenta una tradición clásica del pensamiento geográfico que proporciona un marco diferente para la imaginación espacial global. El objetivo es argumen...

Descrizione completa

Salvato in:
Dettagli Bibliografici
Autore principale: Ehlert Maia, João Marcelo
Natura: testo
Soggetti:
Tags: Aggiungi Tag
Nessun Tag, puoi essere il primo ad aggiungerne!!

MARC

LEADER 00000 a a2200000 04500
001 44291
003
040
100 |a Ehlert Maia, João Marcelo  
245 |a Space, social theory and peripheral imagination:   |b brazilian intellectual history and de-colonial debates /  |c João Marcelo Ehlert Maia  
500 |a jmehlertl@hotmail.com  
520 4 |a Se hace referencia al giro espacial desde una perspectiva basada en la historia intelectual brasileña, con el fin de discutir que el caso brasileño presenta una tradición clásica del pensamiento geográfico que proporciona un marco diferente para la imaginación espacial global. El objetivo es argumentar que esta perspectiva ayuda a descentrar la teoría social proporcionando nuevas imágenes espaciales. 
590 |a KSR/NOVIEMBRE2012  
650 |a 1.TEORIA SOCIAL  
650 |a 2.GEOGRAFIA  
650 |a 3.SOCIOLOGIA  
650 |a 4.BRASIL  
773 |g volumen26, número3 ( , 2011), páginas 392-407  
999 |c 26141  |d 26141